000
00291nam a22001337a 4500
008
170301b xxu||||| |||| 00| 0 eng d
020
_a
9780443069598
041
_a
eng
080
_2
7TH
_a
61
100
_a
6
101
_a
SHM
245
_a
MILLER'S ANESTHESIA
_c
MILLER, R.D
942
_2
udc
_c
BK
999
_c
6516
_d
6516